000 00317nam a2200121Ia 4500
005 20251222144836.0
008 251222s9999||||xx |||||||||||||| ||spa||
082 _a378.85/M26
100 _aMarticorena Estrada, Miguel
245 0 _aSan Marcos de Lima Universidad Decana en América:
264 _bUNMSM
942 _cLIB
999 _c21042
_d21042